000
00249nam a2200109Ia 4500
008
220204s9999 xx 000 0 und d
082
_a
82-3
_b
AKI
100
_a
Akilon
245
0
_a
Flower of gold
260
_a
New Delhi
_b
Sterling
_c
1978
942
_c
BK
999
_c
29073
_d
29073